000 00589nam a2200205Ia 4500
005 20250508150426.0
008 008 250505s9999 xx 000 0 eng d
037 _aTextual
040 _aFEDL
_beng
_cFEDL
041 _aeng
_2eng
084 _a157.9, OVE
_qFEDL
100 _aOverholser Winfred
_9756662
245 0 _aHand book of psychiatry
260 _aPhiladelphia
_bJ. B. Lippincott Company
_c1947
300 _axiii,252p.
650 _aAbnormal Psychology
700 _a Richmond Winifred V.
_9756663
942 _cTEXL
_h157.9, OVE
999 _c1323572
_d1323572